Taylor Swift Song Title Antonyms - Statistics

General Stats
  • This quiz has been taken 105 times
  • The average score is 15 of 20
Answer Stats
Antonym Song Title % Correct
Hot as Me Cold as You
91%
The Worst Night The Best Day
90%
Forward From June Back to December
89%
Kind Winter Cruel Summer
88%
Everything Old Nothing New
88%
Pro-Villain Anti-Hero
87%
Worse Woman Better Man
84%
Hi Hi Adult Bye Bye Baby
84%
Guilty Innocent
84%
You Remembered That I Didn't Exist I Forgot That You Existed
80%
Go Go Go Stay Stay Stay
80%
Old Pragmatics New Romantics
78%
Silver Delay Gold Rush
76%
You Didn't Do Nothing Good I Did Something Bad
73%
Go Away... Don't Be There Come Back... Be Here
71%
That Isn't You Procrastinating This Is Me Trying
70%
Nevermore & Never Forever & Always
67%
Hate Reality Love Story
63%
Keep It On Shake It Off
59%
But Mommy You Hate Her But Daddy You Love Him
11%
No matching quizzes found
Score Distribution
Percent of People with Each Score
Percentile by Number Answered
Your Score History
You have not taken this quiz